Normal view
MARC view
- Tille, Patricia M.
Entry Personal Name
001 - CONTROL NUMBER
- control field: 8302
003 - CONTROL NUMBER IDENTIFIER
- control field: NUST
005 - DATE AND TIME OF LATEST TRANSACTION
- control field: 20180112092513.0
008 - FIXED-LENGTH DATA ELEMENTS
- fixed length control field: 180112|| aca||aabn | a|a d
040 ## - CATALOGING SOURCE
- Original cataloging agency: NUST
- Transcribing agency: NUST
100 ## - HEADING--PERSONAL NAME
- Personal name: Tille, Patricia M.
670 ## - SOURCE DATA FOUND
- Source citation: Work cat.: (NUST)0: Tille, Patricia M., Bailey & Scott's diagnostic microbiology.
